[Event "Heraklion op 28th"]
[Site "Heraklion"]
[Date "2020.01.07"]
[Round "6"]
[White "Despotakis, Vasilios"]
[Black "Kozyri, Aikaterini"]
[Result "1-0"]
[WhiteElo "1756"]
[BlackElo "1092"]
[PlyCount "59"]
[EventDate "2020.01.03"]
[EventType "swiss"]
[EventRounds "9"]
[EventCountry "GRE"]
[SourceTitle "CBM 194 Extra"]
[Source "ChessBase"]
[SourceDate "2020.03.31"]
[SourceVersion "1"]
[SourceVersionDate "2020.03.31"]
[SourceQuality "1"]

1. e4 e5 2. f4 d6 3. Nf3 Nc6 4. Bc4 Nge7 5. 0-0 g6 6. fxe5 dxe5 7. d4 exd4 8. Ng5 f5 9. Bf7+ Kd7 10. Ne6 Bg7 11. Nxd8 Kxd8 12. c3 Rf8 13. Bb3 Bd7 14. Bg5 Kc8 15. Bxe7 Nxe7 16. cxd4 b6 17. Nc3 Kb7 18. Rc1 Rad8 19. Nd5 Nc6 20. e5 Be6 21. Rxc6 Bxd5 22. Bxd5 Rxd5 23. Qc2 Rc8 24. Rc1 Rd7 25. a4 a5 26. b4 axb4 27. a5 bxa5 28. Qc5 Bf8 29. Qb5+ Ka8 30. Ra6# 1-0

[Event "Heraklion op 28th"]
[Site "Heraklion"]
[Date "2020.01.04"]
[Round "2"]
[White "Kalaitzakis, Emmanouil"]
[Black "Despotakis, Vasilios"]
[Result "0-1"]
[WhiteElo "1146"]
[BlackElo "1756"]
[PlyCount "72"]
[EventDate "2020.01.03"]
[EventType "swiss"]
[EventRounds "9"]
[EventCountry "GRE"]
[SourceTitle "CBM 194 Extra"]
[Source "ChessBase"]
[SourceDate "2020.03.31"]
[SourceVersion "1"]
[SourceVersionDate "2020.03.31"]
[SourceQuality "1"]

1. e4 c5 2. c3 d5 3. exd5 Qxd5 4. d4 e5 5. Nf3 e4 6. Ne5 Be6 7. Bc4 Qd6 8. Bb5+ Nd7 9. Nxd7 Bxd7 10. Bxd7+ Qxd7 11. Qe2 0-0-0 12. Be3 Nf6 13. dxc5 Ng4 14. Bd4 h5 15. 0-0 Qc7 16. g3 Bxc5 17. Bxc5 Qxc5 18. Qxe4 Rhe8 19. Qf4 Re6 20. Na3 Ne5 21. Nc2 Rf6 22. Qe3 Nf3+ 23. Kg2 Qc6 24. Kh3 g5 25. g4 Nh4 26. f3 hxg4+ 27. Kxg4 Rf4+ 28. Kh3 Qd7+ 29. Kg3 Nf5+ 30. Kg2 Nxe3+ 31. Kg1 Nxc2 32. Rac1 Qd2 33. a4 Rh8 34. h4 Rhxh4 35. Rfd1 Qh2+ 36. Kf1 Rxf3# 0-1

[Event "Crete-chT"]
[Site "Crete"]
[Date "2018.04.28"]
[Round "5.18"]
[White "Pavlidis, Anastasios"]
[Black "Despotakis, Vasilios"]
[Result "1-0"]
[WhiteElo "2355"]
[BlackElo "1711"]
[PlyCount "59"]
[EventDate "2018.04.09"]
[EventType "team-tourn"]
[EventRounds "7"]
[EventCountry "GRE"]
[SourceTitle "EXT 2019"]
[Source "ChessBase"]
[SourceDate "2018.10.10"]
[SourceVersion "1"]
[SourceVersionDate "2018.10.10"]
[SourceQuality "1"]

1. Nf3 Nf6 2. d4 e6 3. c4 Bb4+ 4. Nbd2 0-0 5. a3 Bxd2+ 6. Bxd2 b6 7. g3 Bb7 8. Bg2 d6 9. 0-0 Nbd7 10. Qc2 e5 11. dxe5 dxe5 12. Rfd1 Qe7 13. Bc3 Rfe8 14. Nxe5 Nxe5 15. Bxb7 Rab8 16. Bg2 Qc5 17. Bxe5 Qxe5 18. e3 b5 19. Bc6 bxc4 20. Bxe8 Rxb2 21. Bxf7+ Kxf7 22. Qxc4+ Kg6 23. Qd4 Qb5 24. a4 Qe2 25. Qd3+ Qxd3 26. Rxd3 Ng4 27. Rf1 c5 28. Rc3 Rb4 29. Rfc1 Rxa4 30. Rc4 1-0

[Event "Heraklion op 16th"]
[Site "Heraklion"]
[Date "2016.01.07"]
[Round "6"]
[White "Despotakis, Vasilios"]
[Black "Xirouhakis, Emmanouil"]
[Result "1/2-1/2"]
[WhiteElo "1691"]
[BlackElo "1325"]
[PlyCount "105"]
[EventDate "2016.01.03"]
[EventType "swiss"]
[EventRounds "9"]
[EventCountry "GRE"]
[SourceTitle "EXT 2024"]
[Source "ChessBase"]
[SourceDate "2023.10.10"]
[SourceVersion "1"]
[SourceVersionDate "2023.10.10"]
[SourceQuality "1"]

1. e4 e5 2. Nf3 Nc6 3. d4 exd4 4. Bc4 d6 5. Nxd4 Nf6 6. 0-0 Be7 7. Re1 0-0 8. Nc3 Ne5 9. Bb3 Re8 10. h3 a6 11. a4 Bd7 12. f4 Nc6 13. Be3 Bf8 14. Bf2 h6 15. f5 Ne5 16. Qe2 c5 17. Nf3 Nxf3+ 18. Qxf3 Bc6 19. Rad1 b6 20. Nd5 Nxd5 21. exd5 Rxe1+ 22. Bxe1 Bd7 23. c4 Qf6 24. Bc2 Qxb2 25. Qd3 Qf6 26. Bc3 Qg5 27. Bd2 Qf6 28. Bc3 Qg5 29. f6 g6 30. Rf1 Re8 31. Rf3 Bf5 32. Qd1 Bxc2 33. Qxc2 Kh7 34. Qb2 Re3 35. Bd2 Re2 36. Rf2 Qe5 37. Qxe5 Rxe5 38. a5 bxa5 39. Bxa5 Re4 40. Rc2 h5 41. Bc7 g5 42. Ra2 Rxc4 43. Rxa6 Rd4 44. Ra8 Bh6 45. Bxd6 Rxd5 46. Be7 c4 47. Rc8 Rd1+ 48. Kf2 Rc1 49. g4 Kg6 50. Rg8+ Kh7 51. Rc8 Kg6 52. Rg8+ Kh7 53. Rc8 1/2-1/2

[Event "Heraklion op"]
[Site "Heraklion"]
[Date "2014.09.05"]
[Round "5"]
[White "Vagionakis, Markos"]
[Black "Despotakis, Vasilios"]
[Result "0-1"]
[WhiteElo "1625"]
[BlackElo "1715"]
[PlyCount "78"]
[EventDate "2014.09.02"]
[EventType "swiss"]
[EventRounds "6"]
[EventCountry "GRE"]
[SourceTitle "EXT 2015"]
[Source "ChessBase"]
[SourceDate "2014.11.20"]
[SourceVersion "1"]
[SourceVersionDate "2014.11.20"]
[SourceQuality "1"]

1. e4 c5 2. Nf3 g6 3. d4 cxd4 4. Nxd4 Nc6 5. Nc3 Bg7 6. Be3 Nf6 7. f3 0-0 8. Bc4 d6 9. Qd2 Bd7 10. 0-0-0 Rc8 11. Bb3 Na5 12. h4 Nxb3+ 13. Nxb3 a5 14. h5 a4 15. Nd4 Qa5 16. Nd5 Qxd2+ 17. Rxd2 Nxd5 18. exd5 a3 19. b3 Rc3 20. Re2 e5 21. dxe6 fxe6 22. Nxe6 Bxe6 23. Bd2 Bd7 24. Bxc3 Bxc3 25. Re7 Rf7 26. Re3 Be5 27. Kd1 g5 28. b4 Bb2 29. c4 g4 30. Rd3 gxf3 31. gxf3 Bc6 32. Ke2 Re7+ 33. Kd2 Re6 34. Rh2 Rf6 35. Ke2 Kf7 36. Rg2 b5 37. c5 dxc5 38. bxc5 b4 39. Rd6 Bxf3+ 0-1

[Event "Heraklion Gazi op 10th"]
[Site "Heraklion"]
[Date "2014.07.30"]
[Round "1"]
[White "Despotakis, Vasilios"]
[Black "Kouvidis, Ioannis"]
[Result "1-0"]
[WhiteElo "1763"]
[BlackElo "1005"]
[PlyCount "57"]
[EventDate "2014.07.30"]
[EventType "swiss"]
[EventRounds "9"]
[EventCountry "GRE"]
[SourceTitle "EXT 2016"]
[Source "ChessBase"]
[SourceDate "2015.10.08"]
[SourceVersion "1"]
[SourceVersionDate "2015.10.08"]
[SourceQuality "1"]

1. e4 c5 2. Nf3 d6 3. d4 cxd4 4. Nxd4 e5 5. Nf3 Nf6 6. Nc3 Bg4 7. h3 Bh5 8. Bc4 Nc6 9. Be3 Be7 10. Qd2 Bxf3 11. gxf3 0-0 12. 0-0-0 a6 13. Rhg1 b5 14. Bb3 Kh8 15. Rg2 Qd7 16. Rdg1 Rg8 17. Bxf7 Rgf8 18. Bd5 g6 19. Bh6 Rfb8 20. Bg5 b4 21. Ne2 a5 22. h4 a4 23. Bxf6+ Bxf6 24. h5 h6 25. Qxh6+ Qh7 26. Qxh7+ Kxh7 27. hxg6+ Kg7 28. Bxc6 Ra6 29. Bd5 1-0

[Event "Heraklio SOI op 11th"]
[Site "Heraklion"]
[Date "2014.04.26"]
[Round "6"]
[White "Despotakis, Vasilios"]
[Black "Spirou, Gerasimos"]
[Result "0-1"]
[WhiteElo "1776"]
[BlackElo "1658"]
[PlyCount "56"]
[EventDate "2014.04.21"]
[EventType "swiss"]
[EventRounds "7"]
[EventCountry "GRE"]
[SourceTitle "EXT 2024"]
[Source "ChessBase"]
[SourceDate "2023.10.10"]
[SourceVersion "1"]
[SourceVersionDate "2023.10.10"]
[SourceQuality "1"]

1. e4 c6 2. d4 d5 3. exd5 cxd5 4. c4 Nf6 5. Nc3 Nc6 6. Bg5 e6 7. Nf3 Be7 8. c5 a6 9. Na4 Nd7 10. Bxe7 Nxe7 11. b4 b5 12. Nc3 Bb7 13. Bd3 Nc6 14. a3 Qf6 15. Bc2 g5 16. 0-0 g4 17. Ne5 Ncxe5 18. dxe5 Nxe5 19. Re1 0-0-0 20. Ne2 d4 21. Ng3 d3 22. Bb3 d2 23. Re3 Nd3 24. Nh1 Qd4 25. Ra2 Nc1 26. Rc2 Nxb3 27. Rxb3 Qe4 28. f3 Qe1+ 0-1

[Event "Heraklio SOI op 11th"]
[Site "Heraklion"]
[Date "2014.04.22"]
[Round "2"]
[White "Sandalakis, Angelos"]
[Black "Despotakis, Vasilios"]
[Result "1-0"]
[WhiteElo "2399"]
[BlackElo "176"]
[PlyCount "53"]
[EventDate "2014.04.21"]
[EventType "swiss"]
[EventRounds "7"]
[EventCountry "GRE"]
[SourceTitle "EXT 2024"]
[Source "ChessBase"]
[SourceDate "2023.10.10"]
[SourceVersion "1"]
[SourceVersionDate "2023.10.10"]
[SourceQuality "1"]

1. e4 c5 2. Nf3 g6 3. Bc4 e6 4. d4 d5 5. exd5 exd5 6. Qe2+ Be6 7. Bb5+ Nc6 8. 0-0 Qb6 9. dxc5 Qc7 10. Nd4 0-0-0 11. Nxe6 fxe6 12. Qxe6+ Kb8 13. Bxc6 bxc6 14. Bg5 Rc8 15. Qe3 Ka8 16. Bf4 Qf7 17. Be5 Nf6 18. Qf3 Bg7 19. Nd2 Rhf8 20. Bd6 Rfe8 21. Rae1 Qd7 22. h3 Ne4 23. Nxe4 dxe4 24. Rxe4 Bxb2 25. Rb1 Rxe4 26. Qxe4 Qg7 27. Qb4 1-0

[Event "Heraklion SOI op 5th"]
[Site "Heraklion"]
[Date "2012.04.19"]
[Round "4"]
[White "Xylogiannopoulos, Antonios"]
[Black "Despotakis, Vasilios"]
[Result "1-0"]
[WhiteElo "2104"]
[BlackElo "1824"]
[PlyCount "57"]
[EventDate "2012.04.17"]
[EventType "swiss"]
[EventRounds "7"]
[EventCountry "GRE"]
[SourceTitle "EXT 2024"]
[Source "ChessBase"]
[SourceDate "2023.10.10"]
[SourceVersion "1"]
[SourceVersionDate "2023.10.10"]
[SourceQuality "1"]

1. e4 e5 2. Bc4 Nf6 3. d4 exd4 4. Nf3 d5 5. exd5 Bb4+ 6. c3 dxc3 7. Qa4+ Nc6 8. bxc3 Nxd5 9. Bxd5 Qxd5 10. cxb4 Qe4+ 11. Be3 Qxb4+ 12. Qxb4 Nxb4 13. Na3 Be6 14. 0-0 0-0-0 15. Nb5 a6 16. Nbd4 Bxa2 17. Bd2 Nc2 18. Nxc2 Bd5 19. Be3 Bxf3 20. gxf3 Rhe8 21. Rfd1 Rxd1+ 22. Rxd1 b5 23. Ra1 Kb7 24. Nb4 Re6 25. Kf1 f5 26. Bf4 c5 27. Nd3 Rc6 28. Be3 c4 29. Nc5+ 1-0

[Event "Heraklion SOI op 5th"]
[Site "Heraklion"]
[Date "2012.04.18"]
[Round "2"]
[White "Despotakis, Vasilios"]
[Black "Brokalakis Gounaris, Christos"]
[Result "1-0"]
[WhiteElo "1824"]
[BlackElo "1005"]
[PlyCount "47"]
[EventDate "2012.04.17"]
[EventType "swiss"]
[EventRounds "7"]
[EventCountry "GRE"]
[SourceTitle "EXT 2024"]
[Source "ChessBase"]
[SourceDate "2023.10.10"]
[SourceVersion "1"]
[SourceVersionDate "2023.10.10"]
[SourceQuality "1"]

1. e4 e5 2. f4 d6 3. Nf3 Nc6 4. Bc4 Be7 5. 0-0 Nf6 6. Nc3 0-0 7. d3 Bg4 8. h3 Bxf3 9. Qxf3 Nd4 10. Qf2 Nd7 11. Nd5 c6 12. Nxe7+ Qxe7 13. Be3 c5 14. c3 Nc6 15. f5 Nb6 16. Bb3 Na5 17. Qg3 Nxb3 18. f6 Qxf6 19. Rxf6 Nxa1 20. Bh6 g6 21. Rxd6 Rfe8 22. Qg5 f6 23. Qxf6 Re7 24. Qxe7 1-0

[Event "Heraklion SOI op 4th"]
[Site "Heraklion"]
[Date "2012.01.04"]
[Round "3"]
[White "Papadogianni, Rodanthi"]
[Black "Despotakis, Vasilios"]
[Result "1-0"]
[WhiteElo "1265"]
[BlackElo "1570"]
[PlyCount "63"]
[EventDate "2012.01.04"]
[EventType "swiss"]
[EventRounds "7"]
[EventCountry "GRE"]
[SourceTitle "EXT 2024"]
[Source "ChessBase"]
[SourceDate "2023.10.10"]
[SourceVersion "1"]
[SourceVersionDate "2023.10.10"]
[SourceQuality "1"]

1. e4 c6 2. d4 d5 3. e5 Bf5 4. Bd3 Bxd3 5. Qxd3 e6 6. c3 Qc7 7. Nf3 Nd7 8. 0-0 c5 9. Be3 h5 10. b3 Nh6 11. Nbd2 Nf5 12. Rac1 0-0-0 13. Ng5 Nb6 14. dxc5 Nd7 15. Nxf7 Nxe5 16. Nxe5 Qxe5 17. Nf3 Qc7 18. Bg5 Re8 19. b4 Be7 20. Rfe1 Bf6 21. Re2 Qe7 22. Bxf6 Qxf6 23. Rce1 g5 24. Ne5 Kc7 25. Qb5 Ne7 26. Qa5+ Kc8 27. Qxa7 Rhf8 28. b5 Nc6 29. bxc6 Qg7 30. Qa8+ Kc7 31. Qxb7+ Kd8 32. Qxg7 1-0

[Event "Heraklion 3rd op A"]
[Site "Heraklion"]
[Date "2011.09.07"]
[Round "3"]
[White "Serpetsidakis, Nikolaos"]
[Black "Despotakis, Vasilios"]
[Result "1-0"]
[WhiteElo "1374"]
[BlackElo "1575"]
[PlyCount "48"]
[EventDate "2011.09.06"]
[EventType "swiss"]
[EventRounds "7"]
[EventCountry "GRE"]
[SourceTitle "EXT 2024"]
[Source "ChessBase"]
[SourceDate "2023.10.10"]
[SourceVersion "1"]
[SourceVersionDate "2023.10.10"]
[SourceQuality "1"]

1. d4 Nf6 2. c4 e6 3. Nc3 Bb4 4. a3 Bxc3+ 5. bxc3 0-0 6. Bg5 c5 7. d5 h6 8. Bxf6 Qxf6 9. Qc2 exd5 10. cxd5 d6 11. Rd1 Re8 12. e4 Qh4 13. Bd3 c4 14. Bxc4 Rxe4+ 15. Be2 Bf5 16. Nf3 Qe7 17. 0-0 Bg4 18. Rd2 Nd7 19. h3 Bh5 20. g4 Bg6 21. Bd3 Rf4 22. Bxg6 Rxf3 23. Kg2 Qf6 24. Bd3 Re8 1-0

[Event "Heraklion Galaxy op 1st"]
[Site "Heraklion"]
[Date "2011.01.09"]
[Round "7"]
[White "Maris, Ioannis"]
[Black "Despotakis, Vasilios"]
[Result "1-0"]
[WhiteElo "2121"]
[BlackElo "1590"]
[PlyCount "93"]
[EventDate "2011.01.04"]
[EventType "swiss"]
[EventRounds "7"]
[EventCountry "GRE"]
[SourceTitle "EXT 2024"]
[Source "ChessBase"]
[SourceDate "2023.10.10"]
[SourceVersion "1"]
[SourceVersionDate "2023.10.10"]
[SourceQuality "1"]

1. e4 c5 2. d4 cxd4 3. c3 dxc3 4. Nxc3 d6 5. Bc4 Nf6 6. e5 Qc7 7. Bb5+ Nfd7 8. Nd5 Qd8 9. Qc2 Na6 10. Bxa6 Qa5+ 11. Qd2 Qxd2+ 12. Bxd2 bxa6 13. Nc7+ Kd8 14. Nxa8 Bb7 15. Ba5+ Kc8 16. Nf3 Bxa8 17. Rc1+ Kb8 18. Bc7+ Kb7 19. b4 dxe5 20. Ng5 e6 21. a3 Be7 22. Ba5 Bxg5 23. Rc7+ Kb8 24. Rxd7 Bc6 25. Rxf7 Bb5 26. Bc7+ Ka8 27. Bxe5 Bc1 28. a4 Bxa4 29. 0-0 Bd2 30. Bxg7 Rg8 31. Rf8+ Rxf8 32. Bxf8 Kb7 33. Ra1 Bb5 34. Rd1 Bf4 35. g3 Bc7 36. Bd6 Bb6 37. h4 a5 38. bxa5 Bxa5 39. g4 Be2 40. Rb1+ Kc6 41. Bb4 Bd8 42. g5 a5 43. Ba3 Bb6 44. Kg2 e5 45. Re1 Bc4 46. Rxe5 Bc7 47. Rc5+ 1-0